000 00926nam a22002537a 4500
003 OSt
005 20220531084010.0
008 210308b 2020 dr p 00| 0 eng d
020 _a9789945220599
040 _aDO-SdBNP
_bspa
_cBNPHU
082 4 _bT233m
_222
_aRD861.5
100 1 _aTaveras, Ana Carmen
_978028
245 1 0 _aMirada desnuda :
_bpoemario /
_cAna Carmen Taveras ; cuidado de la edición: Martín Paulino y María Ortiz.
260 _aSan Francisco de Macorís, República Dominicana :
_bafé Ritual,
_c2020.
300 _a81 p. :
_c22 cm.
500 _aIncluye datos biográficos de la autora en la solapa de la cubierta.
590 _aInventariado, 2021 /LP
650 4 _aPoesía dominicana
_978863
650 4 _aLiteratura dominicana
_978864
700 1 _aPaulino, Martín,
_eedición
_929492
700 1 _aOrtiz, María,
_eedición
_912482
910 _aValidado. Control de calidad MFF
942 _2ddc
_cLBS1
999 _c49508
_d49508